000 00464nam a2200169Ia 4500
003 GCL
008 140319s9999 xx 000 0 ara d
040 _aGCL /
_cGCL
082 0 4 _aد
_b050
100 1 _aمحمد صدقى عبده
245 1 0 _aفيتامينات و هرمونات (اقرا 285) /
_cمحمد صدقى عبده
300 _a108
490 _aاقرأ
_v0
650 0 4 _aالهرمونات
650 0 4 _aالفيتامينات
942 _2ddc
_cBK
999 _c48658
_d48658